| 000 | 00528nam a2200181Ia 4500 | ||
|---|---|---|---|
| 001 | 8715 | ||
| 005 | 20260306160630.0 | ||
| 008 | 260306t2011||||xx |||||||||||||| ||spa|| | ||
| 041 | _aESP | ||
| 082 |
_a371.3 _bI413 |
||
| 100 |
_aIafrancesco, Giovanni _eAUT |
||
| 245 | 0 |
_aTransformaciones de las prácticas pedagógicas: _bcontextos, diseños metodológicos, paradigmas, modelos, estrategias y políticas |
|
| 260 | _c2011 | ||
| 300 |
_a250 páginas : _c21 cm. |
||
| 650 | _aGEN | ||
| 654 | _aCED | ||
| 942 |
_cLIB _dJUS _fJUS _2ddc _n |
||
| 999 |
_c8715 _d8715 |
||